vogler bis - Statistiques

Statistiques générales
  • Ce quiz a été pris 28 fois
  • Le résultat moyen est 28 sur 33
Réponses sur la Carte
Les réponses sont colorées sur une échelle allant du rouge au vert en fonction du pourcentage des utilisateurs qui les ont devinées à leur premier essai. Vous pouvez retrouver ces pourcentages ci-dessous.
 
Statistiques - réponses
Réponse % Correct
Arabie Saoudite
100%
Russie
100%
Algérie
93%
emirats arabes unis
93%
Inde
93%
Iran
93%
Kazakhstan
93%
Maroc
93%
Monténégro
93%
Pakistan
93%
Qatar
93%
Soudan
93%
Yémen
93%
Afghanistan
86%
Angola
86%
Cambodge
86%
chine
86%
Eswatini
86%
Koweït
86%
Laos
86%
Oman
86%
Ouzbékistan
86%
Thaïlande
86%
Bangladesh
79%
Irak
79%
Kenya
79%
Kirghizistan
79%
Nigeria
79%
Turkménistan
79%
Vietnam
79%
Zambie
79%
Djibouti
71%
Tadjikistan
64%
Aucun quiz correspondant
Distribution des résultats
% des personnes avec chaque résultat
Percentile par nombre de réponses
Votre historique - résultats
Vous n’avez pas pris ce quiz